000 01338nam2a22003491 4500
001 v19\rc\1475850
005 20250618195633.0
035 _a(NLR Aleph) 004686246
090 _a3874433
_c3874433
100 _a20060620f18781889|||y0rusy50 ca
101 0 _arus
102 _aRU
105 _ay z |||||
200 1 _aФауст Социн
215 _a[6], 304, 17 с.
461 0 _1001v19\rc\1475848
_12001#$aАнтитринитарии шестнадцатого века$eИсслед. Е. Будрина$vВып. 2
_1700#1$aБудрин$bЕ.А.$f1842-1919$gЕвлампий Андреевич
_93874413
_aБудрин, Е.А. (1842-1919)
_cКазань
_d1878-1889
_nтип. Имп. ун-та
_oИсслед. Е. Будрина. Вып. 1-
_tАнтитринитарии шестнадцатого века
_vВып. 2
702 1 _9z02790
_aСоцин
_bФ.
_f1539-1604
_gФавст
_4570
790 1 _9z02702
_aСоцин
_bФ.
_f1539-1604
_gФауст
801 0 _aRU
_bNLR
_gpsbo
801 0 _aRU
_bRuMoRGB
_2psbo
801 1 _aRU
_bProSoft-M
_2rusmarc
852 _aNLR
_j18.305.7.3(2)
899 _aRuMoRGB
_jW 95/16
899 _aRuMoRGB
_jE 12/285
899 _aRuMoRGB
_jU 382/102
899 _aБАН
899 _aНБ СПбГУ
899 _aГПИБ
899 _aНБ МГУ
942 _cBOOK
980 _aNB